[Event "Rated Blitz game"]
[Site "?"]
[Date "2021.10.21"]
[Round "?"]
[White "ljdr"]
[Black "King_bg03"]
[Result "1-0"]
[WhiteElo "2460"]
[BlackElo "2548"]
[PlyCount "117"]
[EventDate "2021.??.??"]
[EventType "blitz"]

1. e4 e5 2. Nf3 d5 3. exd5 e4 4. Qe2 Qe7 5. Nd4 Nf6 6. Nc3 Nbd7 7. d3 exd3 8.
Qxe7+ Bxe7 9. Bxd3 Nb6 10. Bb5+ Bd7 11. Bxd7+ Kxd7 12. Bd2 Nbxd5 13. Nxd5 Nxd5
14. O-O-O Rad8 15. Nf5 Kc8 16. c4 g6 17. Nh6 Nb6 18. Nxf7 Nxc4 19. Nxd8 Rxd8
20. Bc3 Rf8 21. f3 Ne3 22. Rde1 Bg5 23. Bd2 Re8 24. Re2 Re6 25. Rhe1 Rc6+ 26.
Kb1 Nc2 27. Bxg5 Nxe1 28. Re8+ Kd7 29. Re7+ Kd6 30. Rxe1 Rc4 31. g3 b6 32. Bf4+
Kd5 33. Re7 c5 34. Rxa7 h5 35. a4 Rb4 36. Ka2 c4 37. Bd2 Rb3 38. Bc3 b5 39.
axb5 Rxb5 40. Ra5 Rxa5+ 41. Bxa5 Kd4 42. Bc3+ Ke3 43. f4 Kf3 44. Bf6 Kg2 45.
Ka3 Kxh2 46. Bh4 Kg2 47. Kb4 Kf3 48. Kxc4 Kg4 49. Kd5 Kf5 50. b4 g5 51. fxg5
Kg4 52. g6 Kh3 53. g7 Kg4 54. g8=Q+ Kh3 55. Qe6+ Kh2 56. Ke4 Kh1 57. Kf3 Kh2
58. Qe2+ Kh3 59. Qg2# {Normal} 1-0

[Event "Rated Blitz game"]
[Site "?"]
[Date "2021.10.21"]
[Round "?"]
[White "Gruco977"]
[Black "RCompany_1"]
[Result "1-0"]
[WhiteElo "2402"]
[BlackElo "2401"]
[PlyCount "65"]
[EventDate "2021.??.??"]
[EventType "blitz"]

1. e4 e5 2. Nf3 d5 3. Nxe5 Bd6 4. d4 dxe4 5. Nc4 Be7 6. Nc3 Nf6 7. Bg5 O-O 8.
Qd2 Nc6 9. O-O-O Nb4 10. Bxf6 Bxf6 11. Nxe4 a5 12. a3 Nd5 13. Nxf6+ Qxf6 14.
Ne3 c6 15. Nxd5 cxd5 16. Bb5 Bf5 17. Bd3 Bd7 18. f3 b5 19. Rde1 b4 20. a4 Bxa4
21. b3 Bd7 22. Re5 Rfc8 23. Rxd5 Be6 24. Re5 Bxb3 25. Rhe1 Bxc2 26. Bxc2 b3 27.
Qe3 Rxc2+ 28. Kb1 g6 29. Qxb3 Rcc8 30. Re7 Rab8 31. Rb7 Qd6 32. Qxf7+ Kh8 33.
Qxh7# {Normal} 1-0

[Event "Rated Blitz game"]
[Site "?"]
[Date "2021.10.21"]
[Round "?"]
[White "Caribterrorist"]
[Black "khalid_ontawar"]
[Result "1/2-1/2"]
[WhiteElo "2683"]
[BlackElo "2506"]
[PlyCount "49"]
[EventDate "2021.??.??"]
[EventType "blitz"]

1. e4 e5 2. Nf3 d5 3. d4 dxe4 4. Nxe5 Be6 5. c4 Nf6 6. d5 Bf5 7. f4 exf3 8.
Nxf3 Bb4+ 9. Bd2 Bxd2+ 10. Nbxd2 O-O 11. Be2 Re8 12. O-O Ne4 13. Nxe4 Bxe4 14.
Bd3 Bg6 15. Bxg6 hxg6 16. Qd2 Nd7 17. d6 cxd6 18. Qxd6 Nf6 19. Rad1 Qxd6 20.
Rxd6 Re2 21. Rd2 Rae8 22. Rfd1 a6 23. Rxe2 Rxe2 24. Rd2 Re4 25. b3 {Normal}
1/2-1/2

[Event "Rated Blitz game"]
[Site "?"]
[Date "2021.10.21"]
[Round "?"]
[White "ElhachaGM"]
[Black "KamranShirazi"]
[Result "0-1"]
[WhiteElo "2665"]
[BlackElo "2567"]
[PlyCount "80"]
[EventDate "2021.??.??"]
[EventType "blitz"]

1. e4 e5 2. Nf3 d5 3. exd5 e4 4. Qe2 Nf6 5. Nc3 Be7 6. Nxe4 Nxd5 7. d4 O-O 8.
c3 Re8 9. Qc2 Bf5 10. Bd3 c5 11. O-O cxd4 12. Nxd4 Nb4 13. cxb4 Qxd4 14. Be3
Qxb4 15. Nc3 Bxd3 16. Qxd3 Nc6 17. Nd5 Qxb2 18. Rab1 Qxa2 19. Rxb7 Bf8 20. Qf5
Ne5 21. Nc3 Qa6 22. Rfb1 g6 23. Qf4 Bg7 24. Ne4 Qa2 25. h3 Nd3 26. Qf3 a5 27.
Nd6 Rf8 28. h4 Nb4 29. Rc1 Qd5 30. Qxd5 Nxd5 31. Bg5 h6 32. Bd2 a4 33. Rc5 Nf6
34. Bc3 a3 35. h5 Nxh5 36. Bxg7 Nxg7 37. Rc1 a2 38. Ra1 Ne6 39. Ne4 Nd4 40. Nc3
Nc2 {Time forfeit} 0-1

[Event "Rated Blitz tournament fRta7tIK"]
[Site "?"]
[Date "2021.10.21"]
[Round "?"]
[White "Chessmaster-Youtube"]
[Black "CovidBryant"]
[Result "0-1"]
[WhiteElo "2202"]
[BlackElo "2443"]
[PlyCount "54"]
[EventDate "2021.??.??"]
[EventType "blitz"]

1. e4 e5 2. Nf3 d5 3. exd5 e4 4. Ng1 Qxd5 5. Nc3 Qf5 6. d4 Nf6 7. Nge2 Bd6 8.
Ng3 Qg6 9. Bc4 O-O 10. O-O h5 11. Re1 Re8 12. Nd5 Nbd7 13. Nxf6+ Nxf6 14. Be3
h4 15. Nf1 Bg4 16. Be2 h3 17. g3 Rad8 18. c3 c5 19. Qb3 Bxe2 20. Rxe2 Qg4 21.
f3 exf3 22. Rf2 cxd4 23. Bxd4 Ne4 24. Qc2 Nxf2 25. Bxf2 Re2 26. Ne3 Qe6 27. Qd3
Rxf2 {Normal} 0-1

[Event "Rated Blitz game"]
[Site "?"]
[Date "2021.10.21"]
[Round "?"]
[White "Lgabi"]
[Black "RCompany_1"]
[Result "1-0"]
[WhiteElo "2560"]
[BlackElo "2420"]
[PlyCount "51"]
[EventDate "2021.??.??"]
[EventType "blitz"]

1. e4 e5 2. Nf3 d5 3. Nxe5 Bd6 4. d4 dxe4 5. Nc4 Be7 6. Nc3 Nf6 7. Be2 Nc6 8.
Be3 Be6 9. O-O O-O 10. a3 Qc8 11. b4 a6 12. Nd2 Bf5 13. f3 exf3 14. Bxf3 Rd8
15. Nb3 Ne5 16. Bxb7 Qxb7 17. Rxf5 Nc4 18. Bf2 a5 19. Nxa5 Nxa5 20. bxa5 c5 21.
d5 g6 22. Rf3 Nxd5 23. Nxd5 Rxd5 24. Rd3 Rad8 25. Qf3 Rxd3 26. Qxb7 {Normal}
1-0

[Event "Rated Blitz game"]
[Site "?"]
[Date "2021.10.21"]
[Round "?"]
[White "jncool68"]
[Black "King_bg03"]
[Result "0-1"]
[WhiteElo "2642"]
[BlackElo "2562"]
[PlyCount "136"]
[EventDate "2021.??.??"]
[EventType "blitz"]

1. e4 e5 2. Nf3 d5 3. Nxe5 Bd6 4. d4 dxe4 5. Nc3 Bxe5 6. dxe5 Qxd1+ 7. Nxd1 Nc6
8. Bf4 Nge7 9. e6 Bxe6 10. Bxc7 Nd4 11. Ne3 Nd5 12. O-O-O Nb3+ 13. axb3 Nxc7
14. Bc4 g6 15. Rd6 Ke7 16. Rhd1 Rhd8 17. Rxd8 Rxd8 18. Rxd8 Kxd8 19. g3 Ke7 20.
Kd2 f5 21. Be2 Kd6 22. h4 b5 23. b4 Ke5 24. b3 a6 25. c4 f4 26. gxf4+ Kxf4 27.
Kc3 Ke5 28. Nc2 h5 29. Nd4 Bd7 30. f3 exf3 31. Bxf3 Kf4 32. Bb7 Kg3 33. c5 Kxh4
34. c6 Be8 35. Nf3+ Kg3 36. Ne5 h4 37. Bc8 h3 38. Bxh3 Kxh3 39. Kd4 g5 40. Kc5
g4 41. Kd6 Na8 42. Ke7 Bxc6 43. Nxc6 g3 44. Nd4 g2 45. Ne2 Kg4 46. Kd6 Kf3 47.
Ng1+ Kf2 48. Nh3+ Kg3 49. Ng1 Nb6 50. Kc6 Nc8 51. Kb7 Nd6+ 52. Kxa6 Nf5 53.
Kxb5 Nd4+ 54. Kc4 Kh2 55. Kxd4 Kxg1 56. b5 Kf1 57. b6 g1=Q+ 58. Kc4 Qxb6 59. b4
Ke2 60. b5 Ke3 61. Kd5 Kd3 62. Ke5 Qxb5+ 63. Kf4 Qc4+ 64. Kf3 Qe4+ 65. Kf2 Kd2
66. Kg3 Ke3 67. Kh2 Qg6 68. Kh1 Kf3 {Normal} 0-1

[Event "Rated Blitz game"]
[Site "?"]
[Date "2021.10.21"]
[Round "?"]
[White "Stapfenoder"]
[Black "KamranShirazi"]
[Result "0-1"]
[WhiteElo "2539"]
[BlackElo "2588"]
[PlyCount "40"]
[EventDate "2021.??.??"]
[EventType "blitz"]

1. e4 e5 2. Nf3 d5 3. d3 dxe4 4. dxe4 Qxd1+ 5. Kxd1 Nc6 6. c3 Bg4 7. Be2 O-O-O+
8. Ke1 Nf6 9. Nbd2 Nd7 10. h3 Bh5 11. Ng5 Bg6 12. Bg4 h6 13. Bxd7+ Rxd7 14.
Ngf3 f6 15. Ke2 Bh7 16. Re1 g5 17. Kf1 Bc5 18. Nb3 Bb6 19. Be3 Bxe4 20. Bxb6
Bd3+ {Normal} 0-1

[Event "Rated Blitz tournament k8zXKR1w"]
[Site "?"]
[Date "2021.10.21"]
[Round "?"]
[White "omaling"]
[Black "olarovfan"]
[Result "0-1"]
[WhiteElo "2304"]
[BlackElo "2504"]
[PlyCount "112"]
[EventDate "2021.??.??"]
[EventType "blitz"]

1. e4 e5 2. Nf3 d5 3. Nxe5 Bd6 4. d4 dxe4 5. Bc4 Bxe5 6. dxe5 Qxd1+ 7. Kxd1 Nc6
8. Bd5 Nge7 9. Bxe4 Nxe5 10. Re1 Bg4+ 11. f3 O-O-O+ 12. Ke2 Bf5 13. Nc3 Bxe4
14. Nxe4 N7c6 15. Bf4 Nd4+ 16. Kf2 Ng6 17. Bg3 f5 18. Ng5 f4 19. Bxf4 Nxf4 20.
Nf7 Nxc2 21. Nxh8 Rxh8 22. Re4 Nd3+ 23. Ke2 Nc5 24. Rc4 Nxa1 25. Rxc5 Re8+ 26.
Kf2 Re6 27. Rc1 Rb6 28. Rxa1 Rxb2+ 29. Kg3 c5 30. a4 Kc7 31. Rc1 Kc6 32. Rc4
Rb4 33. Rc2 Rxa4 34. f4 b5 35. f5 c4 36. h4 Kc5 37. h5 b4 38. h6 gxh6 39. f6
Ra6 40. Rf2 Rxf6 41. Rxf6 b3 42. Rxh6 b2 43. Rh5+ Kb4 44. Rxh7 c3 45. Rb7+ Kc4
46. Rc7+ Kd3 47. Rd7+ Kc2 48. Rb7 b1=Q 49. Rxb1 Kxb1 50. Kf4 c2 51. g4 c1=Q+
52. Kf5 a5 53. g5 a4 54. g6 Qc4 55. g7 Qg8 56. Kg6 a3 {Normal} 0-1

[Event "Rated Blitz game"]
[Site "?"]
[Date "2021.10.21"]
[Round "?"]
[White "SeanGarnier"]
[Black "RCompany_1"]
[Result "1-0"]
[WhiteElo "2446"]
[BlackElo "2381"]
[PlyCount "71"]
[EventDate "2021.??.??"]
[EventType "blitz"]

1. e4 e5 2. Nf3 d5 3. exd5 e4 4. Qe2 Nf6 5. d3 Qxd5 6. Nbd2 Nc6 7. Nxe4 Be6 8.
Nxf6+ gxf6 9. c3 O-O-O 10. d4 Re8 11. Be3 a6 12. Qd2 Rg8 13. c4 Qd7 14. a3 Bg4
15. O-O-O f5 16. Be2 Bd6 17. Rhe1 Qd8 18. Kb1 Qf6 19. d5 Nb8 20. h3 Bh5 21. g3
Nd7 22. Bd4 Qd8 23. Nh4 Bg6 24. Nxg6 hxg6 25. f4 Nc5 26. Bxc5 Bxc5 27. Bf3 Rh8
28. h4 Qf6 29. b4 Rxe1 30. Rxe1 Bd4 31. Rd1 Bc3 32. Qd3 Re8 33. c5 a5 34. d6
cxd6 35. cxd6 Rd8 36. d7+ {Time forfeit} 1-0

[Event "Rated Blitz game"]
[Site "?"]
[Date "2021.10.21"]
[Round "?"]
[White "superguti"]
[Black "batasjon"]
[Result "1/2-1/2"]
[WhiteElo "2472"]
[BlackElo "2474"]
[PlyCount "112"]
[EventDate "2021.??.??"]
[EventType "blitz"]

1. e4 e5 2. Nf3 d5 3. Nxe5 Bd6 4. d4 dxe4 5. Bc4 Bxe5 6. Qh5 Qe7 7. dxe5 Nc6 8.
Bf4 Be6 9. Bxe6 Qxe6 10. Nc3 O-O-O 11. O-O f5 12. exf6 Nxf6 13. Qb5 a6 14. Qa4
Rd4 15. Qa3 Rd7 16. Rad1 Rhd8 17. Rxd7 Rxd7 18. Qb3 Qg4 19. Bg3 h5 20. h3 Qf5
21. Rd1 g5 22. Rxd7 Kxd7 23. Qf7+ Ne7 24. Bxc7 e3 25. fxe3 g4 26. hxg4 Nxg4 27.
Qxf5+ Nxf5 28. e4 Nfe3 29. Bb6 Nxc2 30. Nd1 Nb4 31. a3 Nd3 32. Bd4 Ke6 33. Nf2
Ngxf2 34. Bxf2 Ke5 35. b4 Kxe4 36. Bb6 Kd5 37. Kf1 Kc4 38. Ke2 Nf4+ 39. Kf3 Nd5
40. Bc5 Kb3 41. Ke4 Nc3+ 42. Kd3 Nb5 43. Ke4 Kxa3 44. Kf5 Nc3 45. Kg5 Ne4+ 46.
Kxh5 Nxc5 47. bxc5 Kb4 48. g4 a5 49. g5 a4 50. g6 a3 51. g7 a2 52. g8=Q a1=Q
53. Qd5 Qc3 54. Qxb7+ Kxc5 55. Qc7+ Kb4 56. Qxc3+ Kxc3 {Normal} 1/2-1/2

[Event "Rated Blitz game"]
[Site "?"]
[Date "2021.10.21"]
[Round "?"]
[White "Johnleemaster22"]
[Black "RCompany_1"]
[Result "1-0"]
[WhiteElo "2432"]
[BlackElo "2420"]
[PlyCount "47"]
[EventDate "2021.??.??"]
[EventType "blitz"]

1. e4 e5 2. Nf3 d5 3. Nxe5 Bd6 4. d4 dxe4 5. Nc4 Be7 6. Nc3 Nf6 7. Bg5 O-O 8.
Be2 Nc6 9. d5 Nxd5 10. Bxe7 Ncxe7 11. Nxe4 Nf4 12. O-O Be6 13. Ne3 Ned5 14.
Nxd5 Bxd5 15. Bf3 Re8 16. Nc3 Bxf3 17. Qxf3 Qf6 18. Rfe1 c6 19. Re3 Rad8 20.
Rae1 Rxe3 21. Qxe3 Ne6 22. g3 b6 23. Rd1 Rd2 24. Rxd2 {Normal} 1-0

[Event "Rated Blitz game"]
[Site "?"]
[Date "2021.10.21"]
[Round "?"]
[White "Nero66"]
[Black "Sdjordje12345_s"]
[Result "0-1"]
[WhiteElo "2429"]
[BlackElo "2333"]
[PlyCount "65"]
[EventDate "2021.??.??"]
[EventType "blitz"]

1. e4 e5 2. Nf3 d5 3. Nxe5 Qe7 4. d4 f6 5. Qh5+ g6 6. Nxg6 Qxe4+ 7. Be2 Qxg6 8.
Qxd5 Ne7 9. Qf3 Nbc6 10. c3 h5 11. O-O Bg4 12. Qe3 O-O-O 13. Bb5 Nf5 14. Qe6+
Kb8 15. Bxc6 Nh4 16. Qe4 f5 17. Qe5 Bg7 18. Qg3 bxc6 19. Qxh4 Rhg8 20. Bg5 Rdf8
21. Nd2 f4 22. f3 Bf5 23. Rf2 Bd3 24. Re1 Rf5 25. Be7 Re8 26. Nb3 Bf6 27. Qxf6
Rxf6 28. Nc5 Rf7 29. Nxd3 Qxd3 30. Rfe2 h4 31. h3 Qh7 32. Bg5 Rxe2 33. Rxe2 {
Normal} 0-1

[Event "Rated Blitz game"]
[Site "?"]
[Date "2021.10.21"]
[Round "?"]
[White "Agostinho_Carrara"]
[Black "Larenim"]
[Result "1-0"]
[WhiteElo "2459"]
[BlackElo "2322"]
[PlyCount "75"]
[EventDate "2021.??.??"]
[EventType "blitz"]

1. e4 e5 2. Nf3 d5 3. exd5 e4 4. Qe2 Nf6 5. Nc3 Bf5 6. d3 Bb4 7. dxe4 Nxe4 8.
Qb5+ Nc6 9. dxc6 Bxc3+ 10. bxc3 Nxc3 11. Qe5+ Qe7 12. Qxe7+ Kxe7 13. cxb7 Rad8
14. Ba3+ Kd7 15. Ne5+ Ke6 16. f4 Rhe8 17. Bc4+ Kf6 18. O-O Rb8 19. Bb2 Na4 20.
Nd7+ Kg6 21. Nxb8 Rxb8 22. Be5 Rxb7 23. Rab1 Nb6 24. Ba6 Rb8 25. Bd3 Rc8 26.
Bxf5+ Kxf5 27. Bxg7 Nc4 28. Bc3 Ne3 29. Rf3 Nd5 30. Rd1 Nb6 31. Re1 Nc4 32. h3
h5 33. g4+ hxg4 34. hxg4+ Kxg4 35. Kf2 Nd6 36. f5 Nb5 37. Rg1+ Kh4 38. Bf6+ {
Normal} 1-0

[Event "Rated Blitz tournament JFet5bCE"]
[Site "?"]
[Date "2021.10.21"]
[Round "?"]
[White "HEISENBERG_1956"]
[Black "gogotaniye"]
[Result "1-0"]
[WhiteElo "2532"]
[BlackElo "2668"]
[PlyCount "67"]
[EventDate "2021.??.??"]
[EventType "blitz"]

1. e4 e5 2. Nf3 d5 3. d4 dxe4 4. Nxe5 Bd6 5. Nxf7 Kxf7 6. Bc4+ Kf8 7. O-O Nf6
8. f3 e3 9. Bxe3 Nc6 10. Nc3 Bf5 11. g4 Bg6 12. g5 Nd7 13. Ne4 Nb6 14. Bb3 Qd7
15. Nc5 Qh3 16. Ne6+ Ke7 17. Nf4 Bxf4 18. Bxf4 Kd7 19. d5 Na5 20. Bg3 Nxb3 21.
axb3 Rhd8 22. c4 Kc8 23. Qe2 Qf5 24. Rfe1 Nd7 25. b4 Qxg5 26. c5 h5 27. c6 Qxd5
28. cxd7+ Qxd7 29. Rad1 Qe8 30. Rxd8+ Kxd8 31. Qd2+ Qd7 32. Qg5+ Kc8 33. Qxg6
b6 34. Qe8+ {Normal} 1-0

[Event "Rated Blitz game"]
[Site "?"]
[Date "2021.10.21"]
[Round "?"]
[White "ALF0NS"]
[Black "Larenim"]
[Result "1-0"]
[WhiteElo "2462"]
[BlackElo "2317"]
[PlyCount "127"]
[EventDate "2021.??.??"]
[EventType "blitz"]

1. e4 e5 2. Nf3 d5 3. exd5 e4 4. Qe2 Qe7 5. Nd4 Nf6 6. Nc3 Bg4 7. f3 exf3 8.
Qxe7+ Bxe7 9. gxf3 Bh5 10. Be2 O-O 11. Nf5 Bb4 12. Ng3 Bg6 13. Nce4 Nxd5 14. c3
Ba5 15. d4 Re8 16. Kf2 Nd7 17. h4 h5 18. Bc4 N7f6 19. Nxf6+ Nxf6 20. Bg5 Nd7
21. Rhe1 c6 22. Ne4 Bc7 23. Re2 Nb6 24. Bb3 Nd5 25. Rg1 Kh7 26. Bd2 Nf4 27.
Ng5+ Kg8 28. Rxe8+ Rxe8 29. Bxf4 Bxf4 30. Ne4 Kf8 31. Rg2 Bxe4 32. fxe4 Rxe4
33. Kf3 f5 34. Bc2 Re1 35. Kxf4 Rf1+ 36. Kg5 f4 37. Re2 f3 38. Re6 Rg1+ 39.
Kxh5 f2 40. Bd3 f1=Q 41. Bxf1 Rxf1 42. Re2 Rg1 43. b3 Kg8 44. c4 Kh7 45. Re7
Kg8 46. Rxb7 a5 47. d5 cxd5 48. cxd5 Rd1 49. Rd7 Kh7 50. d6 Rd5+ 51. Kg4 Kg6
52. Kf4 Rd4+ 53. Ke5 Rxh4 54. Rxg7+ Kxg7 55. d7 Rh8 56. Ke6 Kg6 57. Ke7 Kf5 58.
d8=Q Rxd8 59. Kxd8 Ke5 60. Kc7 Kd5 61. Kb6 a4 62. bxa4 Kd6 63. a5 Kd7 64. Kb7 {
Normal} 1-0

[Event "Rated Blitz game"]
[Site "?"]
[Date "2021.10.21"]
[Round "?"]
[White "Glupander8"]
[Black "batasjon"]
[Result "0-1"]
[WhiteElo "2451"]
[BlackElo "2454"]
[PlyCount "32"]
[EventDate "2021.??.??"]
[EventType "blitz"]

1. e4 e5 2. Nf3 d5 3. exd5 e4 4. Qe2 Nf6 5. Nc3 Be7 6. Nxe4 O-O 7. d3 Re8 8.
Qd1 Qxd5 9. Nxf6+ Bxf6+ 10. Be2 c5 11. O-O Nc6 12. h3 b6 13. Be3 Bb7 14. c3
Rad8 15. Qc2 Ne5 16. Nxe5 Qxg2# {Normal} 0-1

[Event "Rated Blitz game"]
[Site "?"]
[Date "2021.10.21"]
[Round "?"]
[White "Mchamsarchamani"]
[Black "batasjon"]
[Result "0-1"]
[WhiteElo "2383"]
[BlackElo "2465"]
[PlyCount "88"]
[EventDate "2021.??.??"]
[EventType "blitz"]

1. e4 e5 2. Nf3 d5 3. Nxe5 Bd6 4. d4 dxe4 5. Nc3 Nf6 6. Bc4 O-O 7. O-O Nbd7 8.
Bg5 Nxe5 9. dxe5 Bxe5 10. Qxd8 Rxd8 11. Nxe4 Bxb2 12. Bxf6 Bxf6 13. Nxf6+ gxf6
14. Rad1 Be6 15. Bb3 c5 16. f4 c4 17. Ba4 Bf5 18. c3 Kf8 19. Kf2 a6 20. Rd4 Bd3
21. Rxd8+ Rxd8 22. Re1 b5 23. Bd1 a5 24. Bf3 b4 25. cxb4 axb4 26. Ra1 Rd6 27.
Ke3 Ra6 28. Kd4 Ra3 29. Bd5 b3 30. Kc3 bxa2+ 31. Kb2 Ra5 32. Bc6 Bb1 33. Kc3
Rc5 34. Bf3 Ke7 35. g3 Kd6 36. Be2 Kd5 37. Bf3+ Ke6 38. Be2 Kf5 39. Bxc4 Ke4
40. Kb4 Rc7 41. Bxa2 Bxa2 42. Rxa2 Kd4 43. Rd2+ Ke3 44. Rd8 Rb7+ {Time forfeit}
0-1

[Event "Rated Blitz tournament sJrMmxgO"]
[Site "?"]
[Date "2021.10.21"]
[Round "?"]
[White "johnchua"]
[Black "Armament_Haki"]
[Result "0-1"]
[WhiteElo "2257"]
[BlackElo "2558"]
[PlyCount "74"]
[EventDate "2021.??.??"]
[EventType "blitz"]

1. e4 e5 2. Nf3 d5 3. exd5 e4 4. Qe2 Be7 5. Qxe4 Nf6 6. Qa4+ c6 7. dxc6 O-O 8.
d3 Nxc6 9. Be2 Re8 10. O-O Bd6 11. Re1 a6 12. c3 Bg4 13. Be3 b5 14. Qd1 Nd5 15.
Qd2 Qc7 16. h3 Bh5 17. Nd4 Bxe2 18. Rxe2 Nf4 19. Re1 Nxd4 20. Bxd4 Rxe1+ 21.
Qxe1 Rd8 22. Qe4 g6 23. Nd2 f5 24. Qf3 Re8 25. Kf1 Kf7 26. Re1 Rxe1+ 27. Kxe1
Qe7+ 28. Kd1 Qe6 29. b3 Nd5 30. Qe2 Qd7 31. g3 Qc6 32. Nb1 b4 33. c4 Nc7 34. f3
Bxg3 35. Kc2 Bf4 36. Be5 Ne6 37. Bxf4 Nd4+ {Normal} 0-1

[Event "Rated Blitz game"]
[Site "?"]
[Date "2021.10.21"]
[Round "?"]
[White "King_Stormer"]
[Black "ahoramahora"]
[Result "1-0"]
[WhiteElo "2444"]
[BlackElo "2393"]
[PlyCount "119"]
[EventDate "2021.??.??"]
[EventType "blitz"]

1. e4 e5 2. Nf3 d5 3. d4 dxe4 4. Nxe5 Nd7 5. Bc4 Nxe5 6. dxe5 Qxd1+ 7. Kxd1
Bg4+ 8. Ke1 O-O-O 9. Nd2 f5 10. exf6 Nxf6 11. Be2 Bf5 12. Nc4 Bb4+ 13. c3 Bc5
14. Be3 Bxe3 15. Nxe3 Bg6 16. Rd1 c6 17. Ng4 Rxd1+ 18. Kxd1 Rd8+ 19. Kc1 Nd5
20. g3 Bh5 21. Re1 Kc7 22. Ne3 Bxe2 23. Rxe2 Nf6 24. Nc4 b5 25. Nd2 Re8 26. h3
h5 27. Nf1 Nd5 28. Ne3 g6 29. Kd2 Kd6 30. c4 Nb4 31. cxb5 cxb5 32. a3 Nc6 33.
Nc2 Re5 34. Ke3 Kc5 35. Na1 Ne7 36. Nb3+ Kc4 37. Na5+ Kc5 38. b4+ Kb6 39. Rc2
g5 40. Kd4 Re6 41. Re2 Nf5+ 42. Kd5 Re7 43. Rxe4 Rf7 44. Re6+ Kc7 45. f4 gxf4
46. gxf4 Ne7+ 47. Ke5 Rf5+ 48. Ke4 Rf7 49. Rh6 Nf5 50. Rxh5 Nd6+ 51. Kd4 Rxf4+
52. Ke5 Re4+ 53. Kd5 Re3 54. Rh7+ Kb6 55. Kxd6 Rd3+ 56. Ke5 Rxh3 57. Rb7+ Ka6
58. Rc7 Re3+ 59. Kd4 Rxa3 60. Rc6# {Normal} 1-0

[Event "Rated Blitz tournament sJrMmxgO"]
[Site "?"]
[Date "2021.10.21"]
[Round "?"]
[White "NOELDelaCruz"]
[Black "Armament_Haki"]
[Result "1/2-1/2"]
[WhiteElo "2488"]
[BlackElo "2560"]
[PlyCount "75"]
[EventDate "2021.??.??"]
[EventType "blitz"]

1. e4 e5 2. Nf3 d5 3. Nxe5 Bd6 4. d4 dxe4 5. Bc4 Bxe5 6. Qh5 Qe7 7. Qxe5 Qxe5
8. dxe5 Nc6 9. Bf4 Nge7 10. Nc3 Ng6 11. Bg3 Ngxe5 12. Bb5 Bd7 13. O-O-O O-O-O
14. Nxe4 f6 15. Nc5 Bf5 16. f4 Ng4 17. Bxc6 bxc6 18. Rxd8+ Rxd8 19. Re1 Rd5 20.
Re8+ Rd8 21. Re7 Rd5 22. b4 Kd8 23. Rxg7 Ne3 24. Bh4 Nxc2 25. Bxf6+ Ke8 26. Bc3
a5 27. g4 Nxb4 28. Bxb4 axb4 29. gxf5 Rxc5+ 30. Kb2 Rxf5 31. Rxc7 Rxf4 32. Rxc6
h5 33. Rc2 h4 34. Kb3 Ke7 35. Rc4 Rf3+ 36. Kxb4 Rf2 37. Rxh4 Rxa2 38. Re4+ {
Normal} 1/2-1/2

[Event "Rated Blitz game"]
[Site "?"]
[Date "2021.10.21"]
[Round "?"]
[White "Arnau_Sanchez"]
[Black "RCompany_1"]
[Result "0-1"]
[WhiteElo "2410"]
[BlackElo "2388"]
[PlyCount "28"]
[EventDate "2021.??.??"]
[EventType "blitz"]

1. e4 e5 2. Nf3 d5 3. Bc4 dxc4 4. Nxe5 Qd4 5. f4 Qxe4+ 6. Kf1 Qxf4+ 7. Nf3 Bg4
8. Nc3 Bxf3 9. gxf3 Bc5 10. Qe2+ Ne7 11. d4 Qxd4 12. Bg5 Nbc6 13. Nb5 Qxb2 14.
Re1 Qxb5 {Normal} 0-1

[Event "Rated Rapid game"]
[Site "?"]
[Date "2021.10.21"]
[Round "?"]
[White "CoachFede"]
[Black "Newton_54"]
[Result "1-0"]
[WhiteElo "2505"]
[BlackElo "2354"]
[PlyCount "115"]
[EventDate "2021.??.??"]
[EventType "rapid"]

1. e4 e5 2. Nf3 d5 3. exd5 e4 4. Qe2 Nf6 5. Nc3 Be7 6. Nxe4 O-O 7. d3 Re8 8.
Qd1 Nxe4 9. dxe4 Bb4+ 10. c3 Rxe4+ 11. Be2 Bd6 12. Be3 Qe7 13. Qd2 Nd7 14. h3
b6 15. Bd3 Rf4 16. O-O-O Qf6 17. Kb1 Ra4 18. Bg5 Bf4 19. Bxf6 Bxd2 20. Bd4 Bf4
21. Rhe1 Ba6 22. Bc2 Ra5 23. b4 Rxd5 24. Be4 c6 25. Bxd5 cxd5 26. Ne5 Nf6 27.
g3 Bh6 28. Nc6 Bb7 29. Ne7+ Kf8 30. Bxf6 gxf6 31. Nf5 Bg5 32. h4 Bc8 33. Ne7
Bh6 34. Nxc8 Rxc8 35. Kb2 Bg7 36. Rxd5 f5 37. Re3 f4 38. gxf4 Bf6 39. h5 h6 40.
Kb3 a6 41. Rd6 Kg7 42. Rg3+ Kh7 43. Rxf6 Rc7 44. Rxb6 Ra7 45. c4 Re7 46. c5 Ra7
47. c6 Kh8 48. Rc3 Kg7 49. c7 Ra8 50. c8=Q Rxc8 51. Rxc8 Kh7 52. Rc7 Kg7 53.
Ra7 a5 54. bxa5 Kf8 55. Rf6 Ke8 56. Rfxf7 Kd8 57. Rh7 Kc8 58. Rh8# {Normal} 1-0

[Event "Rated Blitz tournament sJrMmxgO"]
[Site "?"]
[Date "2021.10.21"]
[Round "?"]
[White "bja555"]
[Black "Armament_Haki"]
[Result "0-1"]
[WhiteElo "2501"]
[BlackElo "2561"]
[PlyCount "78"]
[EventDate "2021.??.??"]
[EventType "blitz"]

1. e4 e5 2. Nf3 d5 3. exd5 e4 4. Qe2 Be7 5. Qxe4 Nf6 6. Qa4+ c6 7. dxc6 O-O 8.
cxb7 Bxb7 9. Be2 Re8 10. O-O Bd6 11. Nc3 Nbd7 12. Qh4 Rc8 13. Bd1 Nf8 14. d4
Ng6 15. Qg5 a6 16. Be3 h6 17. Qf5 Rxc3 18. bxc3 Re4 19. Nd2 Bc8 20. Qf3 Bxh2+
21. Kxh2 Rh4+ 22. Kg1 Qc7 23. Qg3 Qxc3 24. Bf3 Kh7 25. Rab1 Be6 26. Nb3 Qxc2
27. Nc5 Bd5 28. Bxd5 Nxd5 29. Nxa6 Qf5 30. Nc5 Qh5 31. f3 Nc3 32. Kf2 Nxb1 33.
Rxb1 Qf5 34. Rb2 Rh1 35. Ne4 Qa5 36. Bd2 Qa4 37. Nc3 Qxd4+ 38. Ke2 Ne5 39. Qf2
Qd3# {Normal} 0-1

[Event "Rated Blitz game"]
[Site "?"]
[Date "2021.10.21"]
[Round "?"]
[White "renanreis"]
[Black "RCompany_1"]
[Result "0-1"]
[WhiteElo "2412"]
[BlackElo "2369"]
[PlyCount "72"]
[EventDate "2021.??.??"]
[EventType "blitz"]

1. e4 e5 2. Nf3 d5 3. exd5 e4 4. Qe2 Nf6 5. d3 Qxd5 6. Nbd2 Nc6 7. dxe4 Qh5 8.
Qb5 Bc5 9. e5 Nd7 10. Ne4 Bb6 11. e6 Nde5 12. Nxe5 Qxe5 13. exf7+ Kxf7 14. Bc4+
Kg6 15. O-O Bf5 16. Ng3 Bxc2 17. Bd3+ Bxd3 18. Qxd3+ Kf7 19. Ne4 h6 20. Bd2
Rhd8 21. Qf3+ Kg8 22. Bc3 Nd4 23. Qd3 c5 24. Rfe1 Re8 25. Rad1 Rad8 26. Qc4+
Kh7 27. Qd3 Kh8 28. h3 Bc7 29. Ng3 Qg5 30. Rxe8+ Rxe8 31. Ne4 Qf4 32. Bxd4 Qh2+
33. Kf1 cxd4 34. Qxd4 Qh1+ 35. Ke2 Qxg2 36. Ke3 Bb6 {Normal} 0-1

[Event "Rated Blitz game"]
[Site "?"]
[Date "2021.10.21"]
[Round "?"]
[White "nevereverreally"]
[Black "rofaidah"]
[Result "1-0"]
[WhiteElo "2377"]
[BlackElo "2438"]
[PlyCount "77"]
[EventDate "2021.??.??"]
[EventType "blitz"]

1. e4 e5 2. Nf3 d5 3. exd5 e4 4. Qe2 Nf6 5. Nc3 Bf5 6. Nh4 Bg6 7. Nxg6 hxg6 8.
Nxe4 Nxe4 9. Qxe4+ Be7 10. Be2 Nd7 11. c4 O-O 12. O-O Nf6 13. Qf3 Bd6 14. d4 b6
15. Bf4 Re8 16. Bd3 Bxf4 17. Qxf4 Qd7 18. Rae1 Rxe1 19. Rxe1 Re8 20. Re5 Nh5
21. Qe3 Kf8 22. Be2 Nf6 23. Bf3 a5 24. g3 Qd6 25. a3 Qd7 26. Kg2 Qd6 27. h3 Qd7
28. b4 axb4 29. axb4 Qa4 30. Rxe8+ Nxe8 31. Qc3 Nd6 32. c5 Nb5 33. Qd2 Qa1 34.
d6 cxd6 35. cxb6 Qa6 36. b7 Qb6 37. Qc2 Nxd4 38. Qc8+ Ke7 39. b8=Q {Normal} 1-0

[Event "Rated Blitz game"]
[Site "?"]
[Date "2021.10.21"]
[Round "?"]
[White "joris01"]
[Black "RCompany_1"]
[Result "1-0"]
[WhiteElo "2465"]
[BlackElo "2397"]
[PlyCount "101"]
[EventDate "2021.??.??"]
[EventType "blitz"]

1. e4 e5 2. Nf3 d5 3. Nxe5 Bd6 4. d4 dxe4 5. Nc4 Be7 6. Nc3 Nf6 7. Be2 Nc6 8.
Be3 Nb4 9. O-O O-O 10. Re1 a5 11. h3 a4 12. Bf1 Nbd5 13. Bg5 Nxc3 14. bxc3 Re8
15. Ne5 Nd5 16. Bxe7 Qxe7 17. Bc4 c6 18. Rxe4 f6 19. Qf3 fxe5 20. Rxe5 Qf7 21.
Rxe8+ Qxe8 22. Bxd5+ cxd5 23. Qxd5+ Kh8 24. Rb1 h6 25. Rb6 Qg8 26. Qe5 Ra6 27.
Rxa6 bxa6 28. d5 Bb7 29. c4 Qc8 30. Qd4 Qd7 31. f4 Qd6 32. g4 a5 33. Kf2 a3 34.
Kg3 a4 35. Qe5 Qc5 36. Qe8+ Kh7 37. Qe4+ g6 38. Qd3 Qd6 39. Qe3 Kg7 40. Qe5+
Qxe5 41. fxe5 Ba6 42. Kf4 Bxc4 43. d6 Be6 44. c4 Kf7 45. c5 Ke8 46. c6 Kd8 47.
c7+ Kd7 48. Ke4 Bxa2 49. Kd4 Be6 50. Kc3 a2 51. Kb2 {Time forfeit} 1-0